02588cam a22002654a 450000100090000000300040000900500170001300800410003001000170007101600200008802000150010804000090012304200080013205000220014024500970016225000120025926000580027130000160032950400510034550518390039665000250223565000200226065000210228070000210230116062465OSt20231024123014.0100119s2011 njua b 001 0 eng  a 20100006417 a1015229782DNLM a1292027851 cKABU apcc00aRT84.5b.N89 201400aNursing theories :bthe base for professional nursing practice /cedited by Julia B. George. a6th ed. aUpper Saddle River, N.J. :bPearson Education,c2014. aii, 695 p.  aIncludes bibliographical references and index.00tAn introduction to nursing theory /rJanet S. Hickman --tNursing theory and clinical practice /rJulia B. George --tEnvironmental model : Florence Nightingale /rMarie L. Lobo --tInterpersonal relations in nursing : Hildegard E. Peplau /rJanice Ryan Belcher --tDefinition and components of nursing : Virginia Henderson /rMarie L. Lobo --tSelf-care deficit nursing theory : Dorothea E. Orem /rPeggy Coldwell Foster --tBehavioral system model : Dorothy E. Johnson /rMarie L. Lobo --tNursing process discipline : Ida Jean Orlando /rJulia B. George --tOther theories from the 1950s and 1960s /rPeggy Coldwell Foster --tThe conservation principles : a model for health : Myra E. Levine /rJulia B. George --tConceptual system and theory of goal attainment : Imogene M. King /rJulia B. George --tScience of unitary human beings : Martha E. Rogers /rMaryanne Garon --tRoy adaptation model : Sister Callista Roy /rJulia Gallagher Galbreath --tThe Neuman systems model : Betty Neuman /rJulia B. George --tOther theories from the 1970s /rJulia B. George --tTheory of culture care diversity and universality : Madeleine M. Leininger /rJulia B. George --tHealth as expanding consciousness : Margaret Newman /rJulia B. George --tTheory of transpersonal caring : Jean Watson / Brenda P. Johnson and Jane H. Kelley --tHuman becoming school of thought : Rosemarie Rizzo Parse / Janet S. Hickman --tThe modeling and role-modeling theory : Erickson, Tomlin, and Swain /rNoreen Cavan Frisch and Susan Stanwyck Bowman --tHealth promotion model : Nola J. Pender /rJulia B. George --tPhilosophy of caring and expert nursing practice : Patricia Benner /rBobbe Ann Gray --tOther theories of the 1980s /rJulia B. George and Janet S. Hickman --tOther nursing theories from the 1990s /rJanet Hickman and Julia B. George. 0aNursingxPhilosophy.12aNursing Theory.22aModels, Nursing.1 aGeorge, Julia B.